Financial Market Imperfections and Investment – Cash Flow Sensitivity

Vplyv nedokonalostí finančného trhu na firemné investície na vzorke 53 automobilových spoločností na Slovensku v r. 2011. Výsledky ukázali, že spoločnosti, ktoré sú finančne viac obmedzené vykazujú väčšie investície - citlivosť peňažných tokov.

Saved in:
Bibliographic Details
Main Author: Belanová, Katarína, 1978-
Format: Book Chapter
Language:English
Subjects:
Tags: Add Tag
No Tags, Be the first to tag this record!

MARC

LEADER 00000nla a2200000 4500
001 0240591
005 20240502083645.4
041 0 |a eng 
044 |a RS 
245 1 0 |a Financial Market Imperfections and Investment – Cash Flow Sensitivity  |c Katarína Belanová 
520 |a Vplyv nedokonalostí finančného trhu na firemné investície na vzorke 53 automobilových spoločností na Slovensku v r. 2011. Výsledky ukázali, že spoločnosti, ktoré sú finančne viac obmedzené vykazujú väčšie investície - citlivosť peňažných tokov. 
610 2 0 |a investovanie 
610 2 0 |a investície 
610 2 0 |a investície finančné 
610 2 0 |a priemysel automobilový 
610 2 0 |a firmy 
610 2 0 |a cash flow 
610 2 0 |a trh finančný 
100 1 |a Belanová, Katarína, 1978-